Podpora malého a stredného podnikania sa v minulom roku zameriavala najmä na oblasť výroby, služieb a cestovného ruchu

Štátna strednodobá politika podpory malého a stredného podnikania (MSP) - stratégia podpory. Základná podmienka rozvoja MSP - existencia vhodného podnikateľského prostredia. Štátna podpora podnikania. Pôsobenie Národnej agentúry pre rozvoj malého a stredného podnikania (NARMSP). Podpora MSP z progra...

Descripción completa

Guardado en:
Detalles Bibliográficos
Autor principal: Košťálová-Mošková, Mária
Formato: Capítulo de libro
Lenguaje:eslovaco
Materias:
Etiquetas: Agregar Etiqueta
Sin Etiquetas, Sea el primero en etiquetar este registro!

MARC

LEADER 00000naa a2200000 4500
001 r027883
005 20230921081020.8
041 0 |a slo 
044 |a SK 
245 1 0 |a Podpora malého a stredného podnikania sa v minulom roku zameriavala najmä na oblasť výroby, služieb a cestovného ruchu  |c M. Košťálová-Mošková 
520 |a Štátna strednodobá politika podpory malého a stredného podnikania (MSP) - stratégia podpory. Základná podmienka rozvoja MSP - existencia vhodného podnikateľského prostredia. Štátna podpora podnikania. Pôsobenie Národnej agentúry pre rozvoj malého a stredného podnikania (NARMSP). Podpora MSP z programu Phare. 
610 2 0 |a podpora podnikania 
610 2 0 |a podnikanie drobné 
610 2 0 |a prostredie podnikateľské 
610 2 0 |a výroba 
610 2 0 |a služby 
610 2 0 |a ruch cestovný 
610 2 0 |a legislatíva 
610 2 0 |a PHARE 
610 2 0 |a Slovensko 
100 1 |a Košťálová-Mošková, Mária